[Event "1st Stage Russian Cup"]
[Site "Tomsk RUS"]
[Date "2003.07.12"]
[Round "9"]
[White "Ponkratov,P"]
[Black "Andreev,Af"]
[Result "1-0"]
[WhiteElo "2296"]
[BlackElo "2375"]

1.e4 d6 2.d4 Nf6 3.Nc3 e5 4.f4 exd4 5.Qxd4 Nc6 6.Qd2 g6 7.Bd3 Bg7 8.Nf3 O-O
9.O-O Bg4 10.a3 Bxf3 11.Rxf3 Ng4 12.g3 Nd4 13.Rf1 f5 14.h3 Nh6 15.Qg2 c6
16.Bd2 Qb6 17.Kh1 Rae8 18.g4 fxe4 19.Nxe4 d5 20.Ng3 Nf7 21.Bc3 Re3 22.Rae1 Rfe8
23.Rxe3 Rxe3 24.Bd2 Rxd3 25.cxd3 Qxb2 26.Bb4 Qb3 27.Re1 h6 28.Re8+ Kh7 29.Re7 Kg8
30.Qf1 a5 31.Bc5 b6 32.Re8+ Kh7 33.Bxd4 Bxd4 34.f5  1-0

[Event "Open"]
[Site "Ikaros GRE"]
[Date "2003.07.13"]
[Round "2"]
[White "Fontaine,R"]
[Black "Papatryfonos,C"]
[Result "1-0"]
[WhiteElo "2541"]
[BlackElo "2112"]

1.e4 d6 2.d4 Nf6 3.Nc3 c6 4.Nf3 Bg4 5.h3 Bh5 6.g4 Bg6 7.Qe2 e6 8.g5 Nfd7
9.Nh4 e5 10.dxe5 dxe5 11.Qf3 Bb4 12.Nxg6 hxg6 13.a3 Ba5 14.Bd2 Nf8 15.O-O-O Ne6
16.h4 Nd7 17.Kb1 Qe7 18.Bh3 Bb6 19.Na4 O-O-O 20.Nxb6+ axb6 21.Qg3 Rhe8 22.Rhe1 Nd4
23.Be3 c5 24.c3 Ne6 25.f4 exf4 26.Bxf4 Nxf4 27.Qxf4 f5 28.gxf6 gxf6 29.h5 gxh5
30.Rd5 Qf7 31.Red1 Re7 32.Qd6 h4 33.Qxb6 Kb8 34.Qxd8+  1-0

[Event "24th Open"]
[Site "Bled SLO"]
[Date "2003.07.14"]
[Round "1"]
[White "Ahmatovic,M"]
[Black "Tratar,M"]
[Result "0-1"]
[WhiteElo "2034"]
[BlackElo "2455"]

1.e4 d6 2.d4 Nf6 3.Nc3 e5 4.dxe5 dxe5 5.Qxd8+ Kxd8 6.Bg5 c6 7.O-O-O+ Ke8
8.Bc4 Nfd7 9.a3 Bc5 10.f3 b5 11.Bb3 f6 12.Bd2 Nb6 13.f4 Bg4 14.Nge2 N8d7
15.h3 Bh5 16.g4 Bf7 17.Bxf7+ Kxf7 18.g5 fxg5 19.fxe5 Nxe5 20.Bxg5 Rhe8 21.Rdf1+ Kg8
22.h4 a5 23.Ng3 h6 24.Bf4 Ng6 25.Bd2 b4 26.Nb1 Nc4 27.axb4 axb4 28.Rf5 Nge5
29.Bf4 g6 30.Rf6 Kg7 31.Bxe5 Nxe5 32.Rff1 Red8 33.b3 Ra2  0-1

[Event "ch-GBR"]
[Site "Edinburgh SCO"]
[Date "2003.07.14"]
[Round "1"]
[White "Lyell,M"]
[Black "Williams,Sa"]
[Result "0-1"]
[WhiteElo "2256"]
[BlackElo "2150"]

1.e4 d6 2.d4 Nf6 3.Nc3 c6 4.Bd3 e5 5.Nge2 Qb6 6.Be3 Ng4 7.Bd2 exd4 8.Na4 Qd8
9.Nxd4 Qf6 10.Nf3 Nd7 11.O-O Nge5 12.Nxe5 Nxe5 13.Be2 b5 14.Nc3 Be6 15.f4 Nc4
16.f5 Nxb2 17.Qe1 Bc4 18.Kh1 Be7 19.Nxb5 Bxe2 20.Qxe2 cxb5 21.Qxb5+ Kf8 22.Rab1 Qd4
23.Qc6 Re8 24.Bf4 Qc4 25.Qb7 Na4 26.f6 Bxf6 27.Bxd6+ Kg8 28.e5 Nc3 29.Rbe1 Qe6
30.h3 Bh4 31.Re3 Nd5 32.Ra3 a5 33.Rxa5 Ne3 34.Rf3 Nf5 35.Ra7 h5 36.g3 Nxg3+
37.Kg2 Nf5 38.Qe4 Qg6+ 39.Kh1  0-1

[Event "ch-GBR"]
[Site "Edinburgh SCO"]
[Date "2003.07.14"]
[Round "1"]
[White "Redpath,J"]
[Black "Singh,G"]
[Result "1-0"]
[WhiteElo "2194"]
[BlackElo "2293"]

1.d4 d6 2.e4 Nf6 3.Nc3 c6 4.f4 Qa5 5.e5 Nd5 6.Bd2 Qb6 7.Nxd5 cxd5 8.Bc3 Bf5
9.Bd3 Bxd3 10.Qxd3 e6 11.Nf3 Nc6 12.O-O g6 13.Rae1 Bh6 14.g3 O-O 15.Kg2 Rfd8
16.h4 Rac8 17.a3 Nb8 18.h5 Qa6 19.hxg6 hxg6 20.Qd1 Bf8 21.Ng5 Be7 22.Qg4 Bf8
23.Nxe6 fxe6 24.Qxe6+ Kg7 25.Qf6+ Kg8 26.e6  1-0

[Event "Intel Pentium4"]
[Site "Milan ITA"]
[Date "2003.07.14"]
[Round "1"]
[White "Godena,M"]
[Black "Lazic,Mi"]
[Result "1-0"]
[WhiteElo "2517"]
[BlackElo "2506"]

1.e4 d6 2.d4 Nf6 3.Nc3 c6 4.Nf3 Bg4 5.h3 Bh5 6.Qe2 e6 7.g4 Bg6 8.h4 h5 9.g5 Nfd7
10.d5 cxd5 11.exd5 e5 12.Bh3 Be7 13.Be3 a6 14.O-O-O Qc7 15.Nd2 O-O 16.f4 exf4
17.Bxf4 Ne5 18.Bxe5 dxe5 19.d6 Qxd6 20.Nc4 Qc5 21.Nxe5 Nc6 22.Nd7 Qa5 23.Rd5 Qb4
24.Nxf8 Bxf8 25.Qf2 b5 26.Bf5 Qa5 27.Bxg6 fxg6 28.Kb1 Bb4 29.Ne4 Re8 30.Rd7 Rf8
31.Qe2 Ne5 32.Rb7 Nc4 33.c3 Ba3 34.bxa3 Qxa3 35.Qc2 Rf4 36.Nf6+ Kf8 37.Rd1 Nd6
38.Rb8+ Kf7 39.Nd7 Ke7 40.Ne5  1-0

[Event "Masters"]
[Site "Saint Lo FRA"]
[Date "2003.07.14"]
[Round "6"]
[White "Berube,R"]
[Black "Milliet,S"]
[Result "0-1"]
[WhiteElo "2305"]
[BlackElo "2275"]

1.e4 d6 2.d4 Nf6 3.Nc3 Nbd7 4.f4 e5 5.Nf3 exd4 6.Qxd4 c6 7.Be3 d5 8.exd5 Bc5
9.Qd3 Qe7 10.Nd4 Nb6 11.O-O-O Nbxd5 12.Nxd5 Nxd5 13.Bd2 O-O 14.Nb3 Bb6 15.Qf3 a5
16.a4 Bf5 17.Bd3 Bxd3 18.Qxd3 f5 19.Rhe1 Qf7 20.Qc4 Rfe8 21.Nd4 Bxd4 22.Qxd4 Nf6
23.Kb1 Rad8 24.Rxe8+ Qxe8 25.Qc4+ Qf7 26.Qxf7+ Kxf7 27.Kc1 b6 28.h3 Ne4 29.Be3 Rxd1+
30.Kxd1 b5 31.b4 axb4 32.a5 Nc3+ 33.Kd2 Nd5 34.a6 Nc7 35.a7 Ke6 36.Bc5 Kd5
37.Bxb4 c5 38.Bc3 g6 39.Be5 Na8 40.g4 Kc6 41.gxf5 gxf5 42.Ke3 Nb6 43.Kf3 Kb7
44.Kg3 Kxa7 45.Kh4 Nd5 46.Kg5 Ne3 47.c3 Kb7 48.Kh6 b4 49.cxb4 cxb4 50.h4 b3
51.Kxh7 Ng2 52.h5 Nxf4 53.h6 Ne6 54.Kg6 f4 55.Kf5 Nf8 56.Kxf4 Ng6+ 57.Kf5 Nxe5
58.h7 b2 59.h8=Q b1=Q+ 60.Ke6 Qb3+ 61.Kf5 Qd3+ 62.Ke6 Qc4+ 63.Kf5 Nc6 64.Qg7+ Kb6  0-1

[Event "ch-GBR"]
[Site "Edinburgh SCO"]
[Date "2003.07.16"]
[Round "3"]
[White "Longson,A"]
[Black "Gormally,D"]
[Result "0-1"]
[WhiteElo "2225"]
[BlackElo "2478"]

1.e4 d6 2.d4 Nf6 3.Nc3 c6 4.Bg5 Nbd7 5.f4 Qa5 6.Qd2 e5 7.Nf3 Be7 8.Bd3 h6
9.Bh4 exf4 10.Bxf6 Bxf6 11.Qxf4 Qb4 12.O-O-O Bxd4 13.Nxd4 Qxd4 14.Be2 Qe5
15.Qd2 Ke7 16.h4 Nf6 17.Bf3 Rd8 18.Rhe1 Kf8 19.Re3 b5 20.Ne2 c5 21.Rd3 Nxe4
22.Qe3 Bb7 23.Nc3 f5 24.Nxb5 d5 25.Bxe4 fxe4 26.Qxc5+ Kg8 27.Rb3 Rd7 28.Qe3 Rf8
29.Nd4 Rdf7 30.Ra3 Bc8 31.Ra5 Bg4 32.Re1 Rf1 33.Rxf1 Rxf1+ 34.Kd2 Rd1+ 35.Kc3 Qc7+  0-1

[Event "BCSA Open"]
[Site "Batumi GEO"]
[Date "2003.07.17"]
[Round "1"]
[White "Kashashvili,A"]
[Black "Maisuradze,G"]
[Result "1-0"]
[WhiteElo "2305"]
[BlackElo "2040"]

1.e4 d6 2.d4 Nf6 3.Nc3 e5 4.Nge2 exd4 5.Nxd4 Nc6 6.Bb5 Bd7 7.Bxc6 bxc6 8.O-O Be7
9.Bg5 O-O 10.Re1 h6 11.Bh4 c5 12.Nf3 Be6 13.e5 Ne8 14.Bxe7 Qxe7 15.Nd5 Qd7
16.c4 c6 17.Ne3 d5 18.b3 Nc7 19.Qc1 d4 20.Nf1 Bg4 21.N3d2 Ne6 22.h3 Bf5 23.Nf3 g5
24.Ng3 Nf4 25.h4 Nd3 26.Qd2 Nxe1 27.Rxe1 g4 28.Nh5 Qe6 29.Nf6+ Kg7 30.Nh2 Rh8
31.h5 Rad8 32.f3 gxf3 33.g4 f2+ 34.Kxf2 Bh7 35.Nf3 d3 36.Rg1 Kf8 37.Qxh6+ Ke7
38.Qg5 Kf8 39.Nxh7+ Ke8 40.Nf6+ Kf8 41.Ne4 Ke8 42.Nxc5 Qe7 43.Qxe7+ Kxe7
44.Ke3  1-0

[Event "Open"]
[Site "Ikaros GRE"]
[Date "2003.07.17"]
[Round "6"]
[White "Hadzimanolis,A"]
[Black "Stamatopoulos,I"]
[Result "1-0"]
[WhiteElo "2283"]
[BlackElo "2163"]

1.e4 d6 2.d4 Nf6 3.Nc3 c6 4.f4 Qa5 5.Bd3 e5 6.Nf3 Bg4 7.Be3 Nbd7 8.O-O Be7
9.h3 Bxf3 10.Qxf3 exd4 11.Bxd4 O-O 12.g4 Bd8 13.g5 Bb6 14.Ne2 Bxd4+ 15.Nxd4 Qb6
16.c3 Ne8 17.Bc4 d5 18.exd5 Nd6 19.b3 Nc5 20.dxc6 Nxc4 21.bxc4 Ne6 22.cxb7 Rab8
23.Rab1 Nxd4 24.cxd4 Qxd4+ 25.Qf2 Qxc4 26.Qxa7 Qd3 27.Rb3 Qd7 28.a4 h6 29.gxh6 Kh7
30.Kh2 g5 31.fxg5 Rg8 32.Qe3 Rxb7 33.Qe4+ Kh8 34.Rxb7  1-0

[Event "ch-GBR"]
[Site "Edinburgh SCO"]
[Date "2003.07.18"]
[Round "5"]
[White "Buckley,Si"]
[Black "Williams,Sa"]
[Result "1/2-1/2"]
[WhiteElo "2267"]
[BlackElo "2150"]

1.d4 d6 2.e4 Nf6 3.Nc3 c6 4.f4 Qa5 5.Bd3 e5 6.Nf3 Bg4 7.Be3 Nbd7 8.O-O Be7
9.h3 Bxf3 10.Rxf3 O-O 11.a3 exf4 12.Rxf4  1/2-1/2

[Event "BCSA Open"]
[Site "Batumi GEO"]
[Date "2003.07.19"]
[Round "3"]
[White "Chkhaidze,Ni"]
[Black "Nikoladze,S"]
[Result "1-0"]
[WhiteElo "2155"]
[BlackElo "2282"]

1.e4 d6 2.d4 Nf6 3.Nc3 Nbd7 4.f4 e5 5.Nf3 c6 6.Be3 b5 7.dxe5 dxe5 8.fxe5 Ng4
9.Bd4 Qc7 10.Qd2 Ngxe5 11.O-O-O Bb7 12.Nxe5 b4 13.Nxd7 bxc3 14.Qxc3 Qxd7
15.Bxg7 Bd6 16.Be5 O-O-O 17.Rxd6 Qg4 18.Rxc6+  1-0

[Event "ch-GBR"]
[Site "Edinburgh SCO"]
[Date "2003.07.19"]
[Round "6"]
[White "Collins,S IRL"]
[Black "Longson,A"]
[Result "1/2-1/2"]
[WhiteElo "2381"]
[BlackElo "2225"]

1.e4 d6 2.d4 Nf6 3.Nc3 e5 4.Nf3 Nbd7 5.a4 g6 6.Bc4 Bg7 7.dxe5 dxe5 8.O-O O-O
9.Qe2 c6 10.b3 Qa5 11.Bb2 h6 12.Rfd1 Re8 13.h3 Nf8 14.Qd2 Be6 15.Bxe6 Nxe6
16.Nd5 Qxd2 17.Nxf6+ Bxf6 18.Rxd2 Nc5 19.Re1 Rad8 20.Rxd8 Rxd8 21.Nxe5 Re8
22.f4 g5 23.g3 gxf4 24.gxf4 Ne6 25.Bc1 Nd4 26.Kg2 Bxe5 27.fxe5 Rxe5 28.Bxh6 Nxc2
29.Re2 Nd4 30.Bf4 Nxe2 31.Bxe5 Nc1 32.b4 Na2 33.b5 cxb5 34.axb5 Nb4 35.Bc3 Nc2
36.Bb2 Ne3+ 37.Kf3 Nc4 38.Bd4 Nd6 39.Bxa7 Nxb5 40.Bc5 Nc7 41.Bb6 Ne6 42.Kg4 Nf8
43.Kf5 Nd7 44.Bd4 b5 45.e5 Kh7 46.Kg5 b4 47.Kf5  1/2-1/2

[Event "3rd Savaria Summer Open"]
[Site "Szombathely HUN"]
[Date "2003.07.20"]
[Round "2"]
[White "Remete,E"]
[Black "Vujosevic,V"]
[Result "0-1"]
[WhiteElo "2147"]
[BlackElo "2337"]

1.e4 d6 2.d4 Nf6 3.Nc3 c6 4.Be3 b5 5.f3 Nbd7 6.Qd2 e5 7.g4 h6 8.Nge2 Qc7
9.Ng3 b4 10.Nd1 d5 11.Nf2 c5 12.c3 bxc3 13.bxc3 Qa5 14.dxe5 Nxe5 15.Be2 Bb7
16.f4 Ng6 17.O-O dxe4 18.Rab1 Bc6 19.Qc2 Be7 20.Nfxe4 O-O 21.c4 Rfe8 22.Nc3 Bd6
23.Nf5 Nh4 24.Nxd6 Rxe3 25.Nd1 Re6 26.Nb7 Ba4 27.Qd3 Qc7 28.Nc3 Rae8 29.Qg3 Rxe2
30.Qxh4 Bc6 31.Nxe2 Rxe2 32.Rf2 Rxf2 33.Qxf2 Bxb7 34.Qb2 Bc8 35.Qe5 Qd7 36.h3 Bb7
37.Qxc5 Qd3 38.Rb2 Qd1+ 39.Kh2 Qh1+  0-1

[Event "3rd Savaria Summer Open"]
[Site "Szombathely HUN"]
[Date "2003.07.21"]
[Round "3"]
[White "Schneider,Ve"]
[Black "Ruck,T"]
[Result "0-1"]
[WhiteElo "2094"]
[BlackElo "2339"]

1.e4 d6 2.d4 Nf6 3.Nc3 c6 4.a4 Nbd7 5.Nf3 e5 6.Bc4 Be7 7.O-O O-O 8.Re1 a5
9.Bg5 Re8 10.Ba2 Qc7 11.Qd2 Nf8 12.Rad1 Bg4 13.Re3 Rad8 14.h3 Bc8 15.Ne2 h6
16.Bh4 Ng6 17.Qc3 Nxh4 18.Nxh4 d5 19.exd5 Bb4 20.Qb3 e4 21.dxc6 g5 22.cxb7 Be6
23.c4 gxh4 24.d5 Bd7 25.Nc3 Bc5 26.Re2 e3 27.f3 Qg3 28.Bb1 Bd6 29.Kf1 Qh2
30.Rc2 Nh5 31.Ne4 Rxe4 32.Ke2 Nf4+  0-1

[Event "MTO"]
[Site "Biel SUI"]
[Date "2003.07.22"]
[Round "2"]
[White "Pavlovic,Mi1"]
[Black "Miltner,A"]
[Result "1-0"]
[WhiteElo "2569"]
[BlackElo "2383"]

1.e4 d6 2.d4 Nf6 3.Nc3 e5 4.Nf3 Nbd7 5.Bc4 Be7 6.O-O O-O 7.a4 a5 8.Re1 c6
9.h3 exd4 10.Qxd4 Nc5 11.Bf4 Ne6 12.Bxe6 Bxe6 13.Rad1 Ne8 14.Qe3 Qc7 15.Rd2 Rd8
16.Red1 g6 17.Ne2 Nf6 18.Ng3 Rfe8 19.Qc3 Rd7 20.Ng5 Qd8 21.Nxe6 fxe6 22.Qb3 d5
23.Be5 Rf8 24.Qe3 Qe8 25.Bc3 Bd8 26.Re2 Qf7 27.Qc5 dxe4 28.Rxd7 Qxd7 29.Nxe4 Nxe4
30.Rxe4 Qd5 31.Qe3 Bb6 32.Bd4 Bxd4 33.Rxd4 Qf5 34.Rd7 Rf7 35.Rd8+ Rf8 36.Rd3 Rf7
37.b3 Qf4 38.Qe1 e5 39.Re3 Re7 40.Qxa5 e4 41.Qb4 Qe5 42.f3  1-0

[Event "ch-NED Open"]
[Site "Dieren NED"]
[Date "2003.07.22"]
[Round "1"]
[White "Willemze,T"]
[Black "Bosch van Rosenthal,J"]
[Result "1-0"]
[WhiteElo "2234"]
[BlackElo "2076"]

1.e4 d6 2.d4 Nf6 3.Nc3 e5 4.Nf3 Nbd7 5.Be2 c6 6.O-O Qc7 7.a4 h6 8.h3 g5 9.Nh2 Be7
10.a5 Nf8 11.Ng4 Ne6 12.d5 Nf4 13.Nxf6+ Bxf6 14.Bg4 h5 15.Bxc8 Rxc8 16.a6 b6
17.dxc6 Qxc6 18.Ra3 Be7 19.Bxf4 gxf4 20.Qd3 Rc7 21.Nb5 Qxc2 22.Nxc7+ Qxc7
23.Rc3 Qd7 24.Rfc1 Bd8 25.Qd5  1-0

[Event "ch-NED Open"]
[Site "Dieren NED"]
[Date "2003.07.22"]
[Round "1"]
[White "Berendsen,R"]
[Black "Ellenbroek,T"]
[Result "1-0"]
[WhiteElo "2239"]
[BlackElo "2087"]

1.e4 d6 2.d4 Nf6 3.Nc3 e5 4.dxe5 dxe5 5.Qxd8+ Kxd8 6.Bc4 Be6 7.Bxe6 fxe6
8.f3 Nbd7 9.Nh3 h6 10.Nf2 a6 11.a4 Bd6 12.Be3 Ke7 13.Ke2 Nh5 14.Rhd1 Nf4+
15.Kf1 g5 16.Ra2 Raf8 17.Nb1 h5 18.g3 Ng6 19.Bxg5+ Ke8 20.Nd2 h4 21.g4 Bc5
22.Nd3 Bd4 23.c3 Ba7 24.Nc4 Rf7 25.Ndxe5 Rg7 26.Nxg6 Rxg6 27.Rxd7 Rxg5 28.Rxc7 Rh6
29.Ra1 Bc5 30.Rxb7 Be7 31.Rd1 Rc5 32.Rdd7 Bg5 33.Nd6+  1-0

[Event "11th Open"]
[Site "St Affrique FRA"]
[Date "2003.07.22"]
[Round "5"]
[White "Gaudineau,E"]
[Black "Badea,B"]
[Result "1/2-1/2"]
[WhiteElo "2295"]
[BlackElo "2499"]

1.e4 d6 2.d4 Nf6 3.Nc3 e5 4.dxe5 dxe5 5.Qxd8+ Kxd8 6.Bc4 Ke8 7.Nf3 Bd6 8.Bg5 Nbd7
9.O-O-O a6 10.Rhe1 b5 11.Bb3 Bb7 12.Bxf6 Nxf6 13.Nd5 Bxd5 14.Bxd5 Rb8 15.Ng5 Nxd5
16.Rxd5 Be7 17.Nf3 f6 18.Red1 Rd8 19.Rxd8+ Bxd8 20.a4 Be7 21.axb5 axb5 22.Kd2 Kd7
23.Ra1 Kc6 24.Ne1 Kb6 25.b3 Rd8+ 26.Nd3 c5 27.Ke2 Rd4 28.f3 c4 29.bxc4 Rxc4
30.Kd2 Ra4 31.Rb1 Kc6 32.Kc3 Ra3+ 33.Kb2 b4 34.Rd1 g6 35.Re1 Bd6 36.Nc1 Bc5
37.Nb3 Bd4+ 38.Nxd4+ exd4 39.e5 fxe5 40.Rxe5 d3 41.cxd3 Rxd3 42.Re7  1/2-1/2

[Event "3rd Savaria Summer Open"]
[Site "Szombathely HUN"]
[Date "2003.07.22"]
[Round "4"]
[White "Butunoi,A"]
[Black "Varga,T"]
[Result "1-0"]
[WhiteElo "2412"]
[BlackElo "2162"]

1.e4 d6 2.d4 Nf6 3.Nc3 Nbd7 4.f3 e5 5.Be3 Be7 6.Qd2 c6 7.g4 h6 8.O-O-O Nb6
9.h4 Qc7 10.Nh3 Bd7 11.g5 Ng8 12.f4 O-O-O 13.f5 f6 14.Bd3 Kb8 15.g6 c5 16.d5 c4
17.Be2 Nc8 18.b3 b5 19.bxc4 bxc4 20.Kb1 Nb6 21.Ka1 Ka8 22.Rb1 Rb8 23.Nb5 Bxb5
24.Rxb5 Bd8 25.Rhb1 Ne7 26.Qb4 Nec8 27.Nf2 Re8 28.Nd1 Nd7 29.Bxc4 Ncb6 30.Bd3 Be7
31.a4 Nc5 32.a5 Nbd7 33.Rxb8+ Rxb8 34.Bb5 a6 35.Bc6+ Ka7 36.Qa3 Rxb1+ 37.Kxb1 Nb8
38.Bxc5+ dxc5 39.Qa4 Bd6 40.Ne3 h5 41.Nc4 Be7 42.Nb6 Bd8 43.c4 Nxc6 44.dxc6 Qb8
45.c7 Bxc7 46.Qd7 Qd8 47.Kc2 Kb7 48.Kb3 Ka7 49.Kb2 Kb7 50.Kc2 Qf8 51.Qd5+ Ka7
52.Qf7 Qd8 53.Qxg7 Kb8 54.Qd7 Qg8 55.Qc8+ Qxc8 56.Nxc8 Kxc8 57.g7  1-0

[Event "zt 3.3"]
[Site "Yongchuan CHN"]
[Date "2003.07.22"]
[Round "10"]
[White "Yu Shaoteng"]
[Black "Zhou Weiqi"]
[Result "1/2-1/2"]
[WhiteElo "2508"]
[BlackElo "2388"]

1.e4 d6 2.d4 Nf6 3.Nc3 c6 4.Nf3 g6 5.Be3 Nbd7 6.Qd2 b5 7.Bd3 Nb6 8.h3 Bg7
9.Bh6 O-O 10.e5 Nfd5 11.Ne4 f5 12.exf6 exf6 13.O-O f5 14.Ng3 f4 15.Bxg7 Kxg7
16.Ne4 Bf5 17.Rfe1 Qd7 18.Neg5 Rae8 19.Bxf5 Qxf5 20.Qd3 Qd7 21.c3 h6 22.Ne4 Qf5
23.Nh4 Qh5 24.Nf3 Qf5 25.Nh4 Qe6 26.Nf3 Nf6 27.Nxf6 Qxf6 28.Re2 Qf5 29.Qxf5 gxf5
30.Rae1 Rxe2 31.Rxe2 Kf6 32.d5 cxd5 33.Nd4 Nc4 34.Re6+ Kf7 35.b3 Nd2 36.Rxd6 Re8
37.f3 Re1+ 38.Kf2 Ra1 39.Re6 Nb1 40.Ra6 Nxc3 41.Rxa7+ Kf6 42.Ra6+ Ke5 43.Nc6+ Kd6
44.Nb4+ Kc5 45.a3 Rxa3 46.Nd3+ Kd4 47.Rxa3 Kxd3 48.Ra6 Kc2 49.Rxh6 d4 50.Rd6 d3
51.Ke1 Nb1 52.Rc6+ Nc3 53.Rd6 Nb1 54.Rc6+ Nc3 55.Rd6 Nb1  1/2-1/2

[Event "26th Asian Juniors"]
[Site "Negombo SRI"]
[Date "2003.07.23"]
[Round "6"]
[White "Sengupta,D"]
[Black "Akshayraj,K"]
[Result "1/2-1/2"]
[WhiteElo "2363"]
[BlackElo "2300"]

1.e4 d6 2.d4 Nf6 3.Nc3 Nbd7 4.Nf3 e5 5.Bg5 c6 6.Qd2 Be7 7.O-O-O O-O 8.Kb1 b5
9.Bd3 Qc7 10.Ne2 c5 11.dxe5 dxe5 12.Bxb5 Nb6 13.Bxf6 Bxf6 14.Qd6 Qxd6 15.Rxd6 Be7
16.Rdd1 a6 17.Bc6 Rb8 18.h3 Nc4 19.b3 Na3+ 20.Kb2 c4 21.Bd5 cxb3 22.cxb3 Nb5
23.a4 Nd6 24.Ka2 Bf6 25.Nc3 Rd8 26.Rd2 Bd7 27.Rhd1 Rdc8 28.Nb1 Be8 29.Na3 Rb4
30.Nc2 Rb6 31.Ne3 Rcb8 32.g4 h6 33.h4 Rb4 34.Nc2 Nxe4 35.Nxb4 Nc3+ 36.Kb2 Nxd1+
37.Rxd1 Rxb4 38.g5 hxg5 39.hxg5 Be7 40.g6 Bf6 41.Ka3 Rf4 42.Rc1 Kf8 43.Rc8 Ke7
44.Nd2 fxg6 45.Ne4 Bd7 46.Rc7 Kd8 47.Ra7 Be7+ 48.Kb2 Bf5 49.Ra8+ Kc7 50.Ra7+  1/2-1/2

[Event "KB Czech Open"]
[Site "Pardubice CZE"]
[Date "2003.07.23"]
[Round "6"]
[White "Shaposhnikov,E"]
[Black "Shushpanov,V"]
[Result "1-0"]
[WhiteElo "2566"]
[BlackElo "2395"]

1.e4 d6 2.d4 Nf6 3.Nc3 c6 4.Nf3 Bg4 5.h3 Bxf3 6.Qxf3 e6 7.Bd3 d5 8.O-O Be7
9.e5 Nfd7 10.Qg3 g6 11.Bh6 c5 12.dxc5 Nxc5 13.Nb5 Nc6 14.Nd6+ Bxd6 15.exd6 Nxd3
16.cxd3 Qf6 17.Rac1 Kd7 18.Rc2 Rhc8 19.Rfc1 e5 20.f4 Qxd6 21.fxe5 Qe6 22.Rf2 Nd4
23.Rcf1 Nf5 24.Qf4 Re8 25.Bg5 h6 26.Bxh6 Rac8 27.Bg5 Qxe5 28.Qa4+ Rc6 29.Qxa7 Qc7
30.Bf4 Qb6 31.Qa3 Qd4 32.Kh2 Ra6 33.Qb3 Rb6 34.Qc2 Rc6 35.Qd2 Rec8 36.Qd1 Rb6
37.Qf3 Re6 38.Bd2 Qe5+ 39.Kg1 Rc2 40.Bc3 Rxf2 41.Rxf2 Qd6 42.Qf4 Qxf4 43.Rxf4 Re3
44.Rf3 Re2 45.g4 Nd6 46.Kf1 Rc2 47.Rf2 Rc1+ 48.Kg2 Rd1 49.Rd2 Re1 50.b3 Rc1
51.Bb2 Re1 52.h4 f5 53.h5 fxg4 54.h6 Nf7 55.h7 Re8 56.Rf2 Nh8 57.Kg3  1-0

[Event "ch-NED Open"]
[Site "Dieren NED"]
[Date "2003.07.24"]
[Round "3"]
[White "Bitalzadeh,A"]
[Black "Ellenbroek,T"]
[Result "1/2-1/2"]
[WhiteElo "2181"]
[BlackElo "2087"]

1.e4 d6 2.d4 Nf6 3.Nc3 e5 4.Nf3 Nbd7 5.Bc4 Be7 6.O-O O-O 7.Re1 c6 8.a4 b6
9.d5 cxd5 10.Bxd5 Nxd5 11.Nxd5 Nf6 12.Nxe7+ Qxe7 13.Bg5 h6 14.Bxf6 Qxf6 15.Qd3 Bb7
16.c4 Qe7 17.Nd2 f5 18.exf5 Qg5 19.Ne4 Qxf5 20.f3 Rad8 21.Rad1 Bxe4 22.Rxe4 Qf7
23.Re2 Rfe8 24.Qe4 Re7 25.Rd5 Rc7 26.Red2 Qe7 27.b3 Rcd7 28.Qf5 Qf6 29.Qxf6 gxf6
30.a5 bxa5 31.Rxa5 Rc8 32.Ra6 Rcd8 33.Rda2 Rb8 34.R2a3 Rb6 35.Rxb6 axb6 36.Ra8+ Kf7
37.Rb8 d5 38.cxd5 Rxd5 39.Rxb6 Rd2 40.b4 Rb2 41.h4 Kg6 42.Kh2 h5 43.Rb8 Kf5
44.b5 e4 45.fxe4+ Kxe4 46.b6 Kf4 47.b7 f5 48.Kg1 Rb1+ 49.Kf2 Rb2+ 50.Ke1 Rb1+
51.Kd2 Rb3 52.Kc2 Rb5 53.Kd3 Rb3+ 54.Kc4 Rb1 55.Kd3 Rb3+ 56.Kd4 Rb4+ 57.Kd5 Rb1
58.g3+ Kf3 59.Ke5 Rb5+ 60.Kf6 Kf2 61.Rg8 Rxb7 62.Rg5 Rb6+ 63.Kxf5 Kf3 64.Rg6 Rb5+
65.Kf6 Kg2 66.Kg7 Rb8 67.Rg5 Rb6 68.Rg6 Rb8 69.Kf6 Rb5 70.Rg5 Rb6+ 71.Kf5 Kh3
72.Rg6 Rb3 73.Kf6 Ra3 74.Rg5 Ra6+ 75.Kf5 Rb6 76.Rxh5  1/2-1/2

[Event "ch-GBR"]
[Site "Edinburgh SCO"]
[Date "2003.07.24"]
[Round "10"]
[White "Simmons,Mat"]
[Black "Waters,C"]
[Result "0-1"]
[WhiteElo "2176"]
[BlackElo "2111"]

1.e4 d6 2.d4 Nf6 3.Nc3 e5 4.Nf3 Nbd7 5.Bc4 Be7 6.O-O O-O 7.h3 c6 8.dxe5 dxe5
9.Qe2 b5 10.Bb3 Qc7 11.Bg5 h6 12.Bh4 Re8 13.a3 Nf8 14.a4 b4 15.Bxf6 Bxf6
16.Nd1 Ng6 17.a5 Rb8 18.Bc4 Nf4 19.Qe3 Be7 20.b3 Bd6 21.Nb2 Qe7 22.Nd3 g5
23.Nh2 h5 24.Qf3 Kg7 25.Nxf4 exf4 26.e5 Bxe5 27.Rae1 Qf6 28.Qxh5 Rh8 29.Qf3 Bc7
30.Re2 Rh4 31.Rfe1 Bd6 32.Ng4 Bxg4 33.hxg4 Rbh8 34.g3 R4h6 35.Re8 Rh1+ 36.Qxh1 Rxh1+
37.Kxh1 fxg3 38.fxg3 Qf3+ 39.Kg1 Bc5+ 40.Kh2 Bf2 41.Rg1 Qxg4 42.Be2 Bxg1+
43.Kxg1 Qxg3+ 44.Kf1 Qf4+ 45.Ke1 g4 46.Bd3 g3  0-1

[Event "3rd Savaria Summer Open"]
[Site "Szombathely HUN"]
[Date "2003.07.24"]
[Round "6"]
[White "Varadi,V"]
[Black "Kernazhitsky,L"]
[Result "1-0"]
[WhiteElo "2370"]
[BlackElo "2402"]

1.e4 d6 2.d4 Nf6 3.Nc3 c6 4.f4 Qa5 5.Bd3 e5 6.Nf3 exd4 7.Nxd4 g6 8.Be3 Bg7
9.h3 O-O 10.O-O Re8 11.Qf3 Nbd7 12.g4 Nc5 13.f5 gxf5 14.exf5 Nxd3 15.cxd3 Nd5
16.Ne4 Nxe3 17.Qxe3 Qe5 18.f6 d5 19.Nf3 Qg3+ 20.Nxg3 Rxe3 21.fxg7 Rxd3 22.Nh5 Re3
23.Rae1 Rxe1 24.Rxe1 Be6 25.Ng5 Rd8 26.Nxe6 fxe6 27.Rxe6  1-0

[Event "3rd Savaria Summer Open"]
[Site "Szombathely HUN"]
[Date "2003.07.24"]
[Round "6"]
[White "Csonka,A"]
[Black "Varga,T"]
[Result "1-0"]
[WhiteElo "2327"]
[BlackElo "2162"]

1.e4 d6 2.d4 Nf6 3.Nc3 Nbd7 4.Be3 e5 5.Bc4 Be7 6.h3 c6 7.a4 a5 8.Nf3 O-O
9.Bb3 Qc7 10.O-O exd4 11.Bxd4 Ne5 12.Re1 Be6 13.Bxe5 dxe5 14.Bxe6 fxe6 15.Qe2 Bb4
16.Qc4 Qe7 17.Nxe5 Bc5 18.Nf3 Nh5 19.e5 Ba7 20.Qg4 g6 21.Ne4 Rf5 22.c3 Raf8
23.Rad1 Bb6 24.Rd2 Qe8 25.Nd6 Qe7 26.Nxf5 Rxf5 27.Qc4 Nf4 28.Qe4 h5 29.Nd4 Qg5
30.Nxf5 Nxh3+ 31.Kh2 Nxf2 32.Ne7+ Kh8 33.Nxg6+ Kg8 34.Rxf2 Bxf2 35.Rd1 h4
36.Kh1 h3 37.gxh3 Qh5 38.Qg4  1-0

[Event "18th Touraine Open"]
[Site "Avoine FRA"]
[Date "2003.07.25"]
[Round "7"]
[White "Aveline,P"]
[Black "Grimberg,G"]
[Result "1/2-1/2"]
[WhiteElo "2157"]
[BlackElo "2293"]

1.e4 d6 2.d4 Nf6 3.Nc3 Nbd7 4.f4 e5 5.dxe5 dxe5 6.fxe5 Nxe5 7.Qxd8+ Kxd8
8.Nf3 Nfd7 9.Be3 c6 10.O-O-O Ke8 11.Be2 Bb4 12.Rhf1 Nxf3 13.gxf3 Bc5 14.Bxc5 Nxc5
15.b4  1/2-1/2

[Event "TCh-Europe u18"]
[Site "Balatonlelle HUN"]
[Date "2003.07.25"]
[Round "6"]
[White "Murariu,A"]
[Black "Berkes,F"]
[Result "1/2-1/2"]
[WhiteElo "2389"]
[BlackElo "2590"]

1.e4 d6 2.d4 Nf6 3.Nc3 Nbd7 4.Nf3 e5 5.Bc4 Be7 6.O-O O-O 7.Qe2 c6 8.a4 b6
9.Rd1 Qc7 10.Bg5 Bb7 11.dxe5 dxe5 12.Nh4 g6 13.Ba2 Nc5 14.Bh6 Rfd8 15.b4 Na6
16.b5 cxb5 17.Nxb5 Qc5 18.Nf3 Ng4 19.Bg5 h6 20.Bd5 Bxg5 21.Bxb7 Nxf2 22.Rf1 Nh3+
23.Kh1 Nf4 24.Qf2 Qxf2 25.Rxf2 Nc5 26.Bxa8 Rxa8 27.Nc3 Rd8 28.g3 Nfe6 29.a5 Be3
30.Re2 Bd4 31.Ra3 bxa5 32.Nb5 a6 33.Nbxd4 exd4 34.Rxa5 d3 35.cxd3 Rxd3 36.Kg2 Kg7
37.Ra1 Rxf3 38.Kxf3 Nd4+ 39.Ke3 Nxe2 40.Kxe2 Nxe4 41.Rxa6 Nf6 42.Kf3 g5 43.h3 Kg6
44.Ke3 Kg7 45.Rc6 Nh5 46.Kf3 Nf6 47.Ra6 Kg6 48.Ke3 Kg7 49.Kd4 Nh5 50.Ra3 Kg6
51.Ke4 f6 52.Rb3 Ng7 53.g4 h5 54.Rb6 hxg4 55.hxg4 Kf7 56.Rb7+ Kg6 57.Re7 Kh6
58.Rf7 Kg6 59.Rf8 Ne6 60.Rg8+ Kf7  1/2-1/2

[Event "BCSA Open"]
[Site "Batumi GEO"]
[Date "2003.07.25"]
[Round "9"]
[White "Tevdorashvili,V"]
[Black "Nikoladze,S"]
[Result "1-0"]
[WhiteElo "2118"]
[BlackElo "2282"]

1.e4 d6 2.d4 Nf6 3.Nc3 Nbd7 4.g3 e5 5.Nge2 Be7 6.Bg2 O-O 7.h3 c6 8.a4 b6
9.Be3 Bb7 10.O-O a6 11.f4 b5 12.axb5 axb5 13.d5 cxd5 14.Nxd5 Nxd5 15.exd5 exf4
16.gxf4 Nb6 17.Rxa8 Bxa8 18.Qd3 Nc4 19.Bd4 Bf6 20.b3 Na3 21.Ra1 b4 22.c3 Re8
23.cxb4 Rxe2 24.Rxa3 Bxd4+ 25.Qxd4 Bb7 26.Kh2 h6 27.b5 Qh4 28.b4 Bxd5 29.Qxd5 Qxf4+
30.Rg3 Re3 31.Bf3 Re5 32.Qd3 Re3 33.Qf1 Rb3 34.Qf2 Qe5 35.Bg2 h5 36.h4 g5
37.b6 g4 38.b7 Rxb4 39.Qd2 Rb5 40.Qc3 Qe7 41.Qc8+ Kg7 42.b8=Q Qxh4+ 43.Bh3 Rxb8
44.Qxb8 Qf6 45.Qb3 Kf8 46.Qc3 Qf4 47.Qe3 Qf6 48.Bxg4 hxg4 49.Rxg4 Qf5 50.Qh6+ Ke8
51.Rg8+ Kd7 52.Qh3  1-0

[Event "25th Politiken Cup"]
[Site "Copenhagen DEN"]
[Date "2003.07.25"]
[Round "11"]
[White "Marder,S"]
[Black "Holst,A"]
[Result "0-1"]
[WhiteElo "2067"]
[BlackElo "2361"]

1.d4 d6 2.e4 Nf6 3.Nc3 Nbd7 4.f4 e5 5.Nf3 exd4 6.Qxd4 c6 7.Be3 d5 8.O-O-O Bc5
9.Qd2 Bxe3 10.Qxe3 Qb6 11.Nd4 O-O 12.e5 Ng4 13.Qf3 f5 14.h3 Nh6 15.g4 Nc5
16.g5 Nf7 17.g6 hxg6 18.Rg1 Nh8 19.h4 Ne6 20.Nxe6 Bxe6 21.Ne2 Bf7 22.Bh3 Qa5
23.Kb1 Rad8 24.h5 d4 25.Nc1 Qd5 26.Qg3 Qe6 27.Qg5 Rd7 28.hxg6 Bxg6 29.Nb3 d3
30.cxd3 Qe7 31.Qg2 Rd5 32.d4 Bh5 33.Rd2 Ng6 34.Qf2 Qh4 35.Qxh4 Nxh4 36.Rg5 Bf3
37.Rf2 Be4+ 38.Kc1 c5 39.Nxc5 Rc8 40.b4 b6 41.Rh5 Rxd4 42.Rxh4 Rxb4 43.Kd2 Rxc5
44.Re2 Rb1 45.Rxe4 fxe4 46.Bf5 Rb4 47.Bg6 Rc6 48.Be8 Rc8 49.Bg6 Rc6 50.Be8 Rh6
51.Rg4 Kf8 52.Bg6 Rh3 53.Kc2 Ra4 54.f5 Rxa2+ 55.Kb1 Rf2 56.Rg1 Rhh2 57.Rd1 Rb2+
58.Ka1 Rhd2 59.Rf1 e3 60.f6 e2 61.Rc1 Ra2+  0-1